Score 0/88 Timer 10:00
0 Plays Today
% Correct
Khorne
59.1%
Khorne
54.5%
Khorne
54.5%
Khorne
52.3%
Khorne
52.3%
Khorne
52.3%
Khorne
52.3%
Nurgle
52.3%
Slaanesh
52.3%
Khorne
52.3%
Slaanesh
50%
Khorne
50%
Khorne
50%
Khorne
50%
Horned Rat
50%
Tzeentch
47.7%
Slaanesh
47.7%
Khorne
47.7%
Horned Rat
47.7%
Nurgle
45.5%
Nurgle
45.5%
Tzeentch
45.5%
Tzeentch
45.5%
Khorne
45.5%
Nurgle
45.5%
Tzeentch
45.5%
Khorne
43.2%
Tzeentch
43.2%
Khorne
43.2%
Nurgle
43.2%
% Correct
Horned Rat
43.2%
Horned Rat
43.2%
Nurgle
40.9%
Nurgle
40.9%
Tzeentch
40.9%
Slaanesh
40.9%
Nurgle
40.9%
Tzeentch
40.9%
Tzeentch
40.9%
Horned Rat
40.9%
Horned Rat
40.9%
Nurgle
40.9%
Tzeentch
40.9%
Nurgle
38.6%
Khorne
38.6%
Nurgle
38.6%
Nurgle
38.6%
Nurgle
38.6%
Tzeentch
38.6%
Slaanesh
38.6%
Horned Rat
38.6%
Horned Rat
38.6%
Horned Rat
38.6%
Nurgle
38.6%
Tzeentch
38.6%
Tzeentch
36.4%
Slaanesh
36.4%
Nurgle
36.4%
Slaanesh
36.4%
Horned Rat
36.4%
% Correct
Khorne
36.4%
Nurgle
34.1%
Khorne
34.1%
Nurgle
34.1%
Nurgle
34.1%
Slaanesh
34.1%
Tzeentch
31.8%
Slaanesh
31.8%
Tzeentch
29.5%
Slaanesh
29.5%
Tzeentch
29.5%
Slaanesh
29.5%
Slaanesh
29.5%
Slaanesh
29.5%
Nurgle
27.3%
Tzeentch
27.3%
Tzeentch
27.3%
Tzeentch
25%
Slaanesh
25%
Slaanesh
25%
Slaanesh
25%
Slaanesh
22.7%
Slaanesh
22.7%
Slaanesh
18.2%
Tzeentch
15.9%
Slaanesh
13.6%
Tzeentch
13.6%
Tzeentch
9.1%
Remove Ads.
Support Sporcle.
Get the best of Sporcle when you Go Orange. This ad-free experience offers more features, more stats, and more fun while also helping to support Sporcle. Thank you for becoming a member.

You're not logged in!

Compare scores with friends on all Sporcle quizzes.
OR
Log In

Show Comments

Extras

Created Dec 13, 2018ReportNominate
Tags:Board Games Quiz, Warhammer

Top Quizzes Today


Score Distribution

Your Account Isn't Verified!

In order to create a playlist on Sporcle, you need to verify the email address you used during registration. Go to your Sporcle Settings to finish the process.

Report this User

Report this user for behavior that violates our Community Guidelines.

Details: